<?xml version="1.0" encoding="UTF-8"?><?xml-stylesheet type="text/xsl" href="static/style.xsl"?><OAI-PMH xmlns="http://www.openarchives.org/OAI/2.0/" xmlns:xsi="http://www.w3.org/2001/XMLSchema-instance" xsi:schemaLocation="http://www.openarchives.org/OAI/2.0/ http://www.openarchives.org/OAI/2.0/OAI-PMH.xsd"><responseDate>2026-04-28T19:27:17Z</responseDate><request verb="GetRecord" identifier="oai:uvadoc.uva.es:10324/7767" metadataPrefix="marc">https://uvadoc.uva.es/oai/request</request><GetRecord><record><header><identifier>oai:uvadoc.uva.es:10324/7767</identifier><datestamp>2025-02-21T07:30:49Z</datestamp><setSpec>com_10324_38</setSpec><setSpec>col_10324_852</setSpec></header><metadata><record xmlns="http://www.loc.gov/MARC21/slim" xmlns:doc="http://www.lyncode.com/xoai" xmlns:xsi="http://www.w3.org/2001/XMLSchema-instance" xmlns:dcterms="http://purl.org/dc/terms/" xsi:schemaLocation="http://www.loc.gov/MARC21/slim http://www.loc.gov/standards/marcxml/schema/MARC21slim.xsd">
<leader>00925njm 22002777a 4500</leader>
<datafield tag="042" ind1=" " ind2=" ">
<subfield code="a">dc</subfield>
</datafield>
<datafield tag="720" ind1=" " ind2=" ">
<subfield code="a">Portela Martín, Beatriz</subfield>
<subfield code="e">author</subfield>
</datafield>
<datafield tag="260" ind1=" " ind2=" ">
<subfield code="c">2014</subfield>
</datafield>
<datafield tag="520" ind1=" " ind2=" ">
<subfield code="a">La práctica del canto en la escuela cada vez se le está dando un papel menos importante dentro del aula de música. Los niños cuando están en Educación Infantil o en primer ciclo de Educación Primaria se sienten atraídos hacia esta forma de expresión, pero según van pasando los años se comienza a notar un cierto rechazo, en ocasiones debido al repertorio seleccionado por el profesor.&#xd;
A raíz de esto, se va a realizar una investigación poniendo en práctica una propuesta didáctica dirigida al segundo y tercer ciclo de Educación Primaria, con la que se pretende enseñar una serie de canciones relacionadas con el mundo de la televisión y el cine.</subfield>
</datafield>
<datafield tag="024" ind2=" " ind1="8">
<subfield code="a">http://uvadoc.uva.es/handle/10324/7767</subfield>
</datafield>
<datafield ind1=" " ind2=" " tag="653">
<subfield code="a">Música - Estudio y enseñanza</subfield>
</datafield>
<datafield ind1=" " ind2=" " tag="653">
<subfield code="a">Canto -  Estudio y enseñanza</subfield>
</datafield>
<datafield tag="245" ind1="0" ind2="0">
<subfield code="a">Fomento del canto en el aula de Educación Primaria a través de un repertorio centrado en los medios de comunicación</subfield>
</datafield>
</record></metadata></record></GetRecord></OAI-PMH>